| 000 | 00993nam a22003011 4500 | ||
|---|---|---|---|
| 001 | 11141 | ||
| 003 | BD-RjUL | ||
| 005 | 20211208235058.0 | ||
| 008 | 140126s1946 nyua b 001 0 eng d | ||
| 035 | _aMITb10322685 | ||
| 035 | _a(OCoLC)01397301 | ||
| 035 |
_aGLIS00322685 _a(BD-RjUL)11190 |
||
| 040 |
_aDLC/ICU _cCGU _dm.c. _dRQB _dBD-RjUL _beng |
||
| 041 | _aeng | ||
| 082 |
_a547.59 _bMOC 1946 |
||
| 090 |
_aQD400 _b.M65 1946 |
||
| 099 | _aQD400.M65 1946 | ||
| 100 | 1 |
_aMorton, Avery A. _q(Avery Adrian), _d1892- _934460 |
|
| 245 | 1 | 4 |
_aThe chemistry of heterocyclic compounds / _c Avery A. Morton |
| 250 | _a1st ed. | ||
| 260 |
_aNew York: _aLondon; _bMcGraw-Hill book company, inc., _cc1946 |
||
| 300 |
_avii, 549 p. _bill. ; _c22 cm. |
||
| 490 | 1 | _aInternational chemical series; L.P. Hammett, PH. D., consulting editor | |
| 504 | _aBibliographical foot-notes. | ||
| 650 | 0 |
_aHeterocyclic compounds. _934461 |
|
| 830 | 0 |
_aInternational chemical series. _9118247 |
|
| 942 |
_2ddc _cBK |
||
| 999 |
_c11141 _d11141 |
||